000 00417nam a2200145 a 4500
001 000033493
005 20200930070310.0
008 110830s1912 dr 000 0 spa d
040 _aDO-SdBNP
_bspa
_cBNPHU
110 2 _aAyuntamiento de Santo Domingo
_959020
245 1 0 _aPresupuesto para el año económica de 1912.
260 _aSanto Domingo :
_bImp. Escolar,
_c1912.
300 _a20 p. ;
_c25 cm.
049 _aBNPD
999 _c32984
_d32984